Jingpynroi bad Jingpynriewspah ia ka jinghikai ia ka khasi ha ki skul,college bad University (Record no. 30680)

MARC details
000 -LEADER
fixed length control field 00401nam a2200109 4500
082 ## - DEWEY DECIMAL CLASSIFICATION NUMBER
Classification number 495.93
Item number NOR
100 ## - MAIN ENTRY--PERSONAL NAME
Personal name North Eastern Hill University Centre for Continuing education
245 ## - TITLE STATEMENT
Title Jingpynroi bad Jingpynriewspah ia ka jinghikai ia ka khasi ha ki skul,college bad University
Statement of responsibility, etc. edited by Hamlet Bareh
260 ## - PUBLICATION, DISTRIBUTION, ETC.
Place of publication, distribution, etc. Shillong
Name of publisher, distributor, etc. The Author
Date of publication, distribution, etc. 1976
300 ## - PHYSICAL DESCRIPTION
Extent v,240p. ; 18cm.
710 ## - ADDED ENTRY--CORPORATE NAME
Corporate name or jurisdiction name as entry element Bareh, Hamlet
Holdings
Withdrawn status Lost status Damaged status Not for loan Collection code Home library Current library Date acquired Total Checkouts Full call number Barcode Date last seen Date last checked out Copy number Price effective from Koha item type Total Renewals
        Gifts North Eastern Hill University North Eastern Hill University 24/11/2011 6 495.93 NOR 57379 18/11/2019 18/11/2019 ;4 24/11/2011 Books  
        Gifts North Eastern Hill University North Eastern Hill University 24/11/2011 6 495.93 NOR 57375 05/07/2023 27/06/2023   24/11/2011 Books  
        Gifts North Eastern Hill University North Eastern Hill University 24/11/2011   495.93 NOR 57376 24/11/2011   ;1 24/11/2011 Books  
        Gifts North Eastern Hill University North Eastern Hill University 24/11/2011 5 495.93 NOR 57377 08/01/2018 19/12/2017 ;2 24/11/2011 Books 2
        Gifts North Eastern Hill University North Eastern Hill University 24/11/2011   495.93 NOR 57378 24/11/2011   ;3 24/11/2011 Books